Normal view
MARC view
Entry Personal Name
001 - CONTROL NUMBER
- control field: 25732
003 - CONTROL NUMBER IDENTIFIER
- control field: dpl
005 - DATE AND TIME OF LATEST TRANSACTION
- control field: 20110207141305.0
008 - FIXED-LENGTH DATA ELEMENTS
- fixed length control field: 110207|||a|||||| | ||| d
040 ## - CATALOGING SOURCE
- Original cataloging agency: dpl
- Transcribing agency: dpl
100 ## - HEADING--PERSONAL NAME
- Personal name: खत्री, बाबू देवकीनन्दन
670 ## - SOURCE DATA FOUND
- Source citation: Work cat.: (dpl)27800: खत्री, बाबू देवकीनन्दन , चन्द्रकान्ता /, 2008
670 ## - SOURCE DATA FOUND
- Source citation: Work cat.: (dpl)27800: खत्री, बाबू देवकीनन्दन , चन्द्रकान्ता /, 2008
